| 000 | 00850nam a2200265 a 4500 | ||
|---|---|---|---|
| 005 | 20240925065308.0 | ||
| 008 | 070813s2005 mx r 000 0 spa d | ||
| 020 | _a844931836X | ||
| 035 | _aUPN01000150798 | ||
| 040 |
_aUPN _bspa _cUPN |
||
| 049 | _aCG | ||
| 050 | 4 |
_aBL50 _bR6.3 |
|
| 100 | 1 | _aRorty, Richard | |
| 245 | 1 | 3 |
_aEl futuro de la religión : _bsolidaridad, caridad, ironía / _cRichard Rorty, Gianni Vattimo ; comp. Santiago Zabala ; tr. Teresa Oñate. |
| 260 |
_aBarcelona, Esp. : _bPaidós, _c2005. |
||
| 300 | _a127 p. | ||
| 440 | 0 |
_aPaidós studio ; _v165 |
|
| 534 |
_pTítulo original: _tIl futuro della religione |
||
| 650 | 0 |
_aReligión _xFilosofía _97889 |
|
| 650 | 4 |
_aReligión _98129 |
|
| 700 | 1 |
_aVattimo, Gianni, _d1936- _ecoaut. _929489 |
|
| 700 | 1 |
_aZabal, Santiago, _ecomp. |
|
| 905 | _aLibro | ||
| 942 |
_2lcc _cLIBRO |
||
| 999 |
_c122938 _d122938 |
||